000 00885nam a2200181Ia 4500
008 090124s9999 xx 000 0 und d
082 _b24470
_a521
100 _aगाडगीळ अमरेंद्र लक्ष्मण
245 _a" श्री रामकोश खंड 2 रा, भाग 3 रा 1, रामायण स्थलदर्शन"
250 _a1
260 _c1982
300 _a88+39
600 _aगाडगीळ अमरेंद्र लक्ष्मण
630 _a" श्री रामकोश खंड 2 रा, भाग 3 रा 1, रामायण स्थलदर्शन"
700 _aगाडगीळ अमरेंद्र लक्ष्मण
730 _a" श्री रामकोश खंड 2 रा, भाग 3 रा 1, रामायण स्थलदर्शन"
942 _cBOOK
999 _c138028
_d138028